000 00373nam a2200157Ia 4500
003 OSt
005 20240129124505.0
008 170523s9999 xx 000 0 und d
020 _a978-9351611134
040 _ciimt university meerut
100 _aGUPTA- CB
245 0 _aFUNDAMENTALS OF BUSINESS
260 _bDELHI SULTAN CHAND SONS
260 _c1999
942 _2ddc
_c02
999 _c161
_d161